Ermant II : Bab el-Maganîn (Ermant II, Nos 1-33) /

Présentation de la documentation hiéroglyphique du secteur de Bab el-Maganîn, dans la ville moderne d'Ermant. Les inscriptions étudiées livrent d'importantes informations sur les cultes du dieu Montou-Rê dans la région thébaine à l'époque gréco-romaine.

محفوظ في:

المؤلف الرئيسي: Thiers, Christophe

التنسيق: كتاب

اللغة: French

منشور في: Cairo : Institut francais d'archéologie orientale ; 2022.

سلاسل: Mémoires publiés par les membres de l'Institut français d'archéologie orientale du Caire ; 147.
MIFAO ; 147.

الموضوعات:

الوسوم: إضافة وسم

لا توجد وسوم, كن أول من يضع وسما على هذه التسجيلة!

رقم الطلب: ( F )DT57 .C185 v.147

LEADER 01297nam a22002897a 4500
003 OSt
005 20251222112329.0
008 251222t2022 ua a001 0b 001 fre d
020 |a 9782724708516 
040 |c ARCE Library 
050 1 4 |a ( F )DT57  |b .C185 v.147 
100 1 |a Thiers, Christophe 
245 |a Ermant II :   |b Bab el-Maganîn (Ermant II, Nos 1-33) /   |c Christophe Thiers. 
264 1 |a Cairo :   |b Institut francais d'archéologie orientale ;   |c 2022. 
300 |a xiii, 152 pages :   |b illustrations (some color) ;   |c 33 cm. 
490 0 |a Mémoires publiés par les membres de l'Institut français d'archéologie orientale du Caire ;   |v 147. 
490 0 |a MIFAO ;   |v 147. 
504 |a Includes bibliographical references and index. 
520 |a Présentation de la documentation hiéroglyphique du secteur de Bab el-Maganîn, dans la ville moderne d'Ermant. Les inscriptions étudiées livrent d'importantes informations sur les cultes du dieu Montou-Rê dans la région thébaine à l'époque gréco-romaine. 
546 |a In French; summaries in English. 
650 0 |a Inscriptions, Egyptian  |z Egypt  |z Armant. 
650 0 |a Inscriptions, Hieroglyphic. 
651 0 |a Armant (Egypt)  |x Antiquities. 
651 0 |a Egypt  |z Armant. 
901 |a reviewed 
942 |2 lcc  |c BK 
999 |c 49221  |d 49221